000 00572nam a2200205 a 4500
001 7102
003 CO-ViMGA
005 20250801162556.0
008 141112s2004 ck r 000 u spa d
040 _aCO-ViMGA
_bspa
_cCO-ViMGA
082 0 4 _a667.9 L378
100 1 _aLesur Esquivel, Luis
_95212
245 1 0 _aManual de recubrimientos metálicos :
_buna guía paso a paso
260 _aMexico :
_bTrillas,
_c1995
300 _a144 p : il
490 _aCómo hacer bien y fácilmente
650 1 4 _aRECUBRIMIENTOS METALICOS
_96199
942 _2ddc
_cBK
999 _c19067
_d19067